Online Catalogue and eLibrary

Nathik karai moongil (Record no. 4210)

MARC details
000 -LEADER
fixed length control field 00375nam a2200157Ia 4500
005 - DATE AND TIME OF LATEST TRANSACTION
control field 20250405104739.0
008 - FIXED-LENGTH DATA ELEMENTS--GENERAL INFORMATION
fixed length control field 240331s9999 xx 000 0 und d
082 ## - DDC Classification
Item Number - Author Mark SIV
Class No. 894
100 ## - MAIN ENTRY--PERSONAL NAME
Personal name Sivasekaram,
245 #0 - TITLE STATEMENT
Title Nathik karai moongil
250 ## - EDITION STATEMENT
Edition statement 2nd
260 ## - PUBLICATION, DISTRIBUTION, ETC.
Place of publication, distribution, etc. Madras
Name of publisher, distributor, etc. South Asian Books
Date of publication, distribution, etc. 1995
300 ## - PHYSICAL DESCRIPTION
Extent (e.g. Volumes, Pages etc.) 72 p .,
500 ## - GENERAL NOTE
General note A collection of Poems
942 ## - Koha item type (Biblio)
Koha item type Books in Stacks (Lending)
Holdings
Lost status Damaged status Collection code Home library Current library Shelving location Date acquired Full call number Accession Number Item type
    Lending WERC Library WERC Library Social Science Cupboard 03/31/2024 894.811 SIV 5702 Books in Stacks (Lending)

© WERC Library